Catálogo público

Producción Comercial de Conejos para Carne / (Record no. 172650)

MARC details
000 -CABECERA
campo de control de longitud fija 00773nam a2200253Ia 4500
001 - NÚMERO DE CONTROL
campo de control dia_2112
003 - IDENTIFICADOR DEL NÚMERO DE CONTROL
campo de control CHAP
005 - FECHA Y HORA DE LA ÚLTIMA TRANSACCIÓN
campo de control 20251027153917.0
008 - DATOS DE LONGITUD FIJA--INFORMACIÓN GENERAL
campo de control de longitud fija 220117s1975 xx 000 0 und d
010 ## - NÚMERO DE CONTROL DE LA BIBLIOTECA DEL CONGRESO
Número de control de LC 172650
040 ## - FUENTE DE LA CATALOGACIÓN
Centro/agencia transcriptor CHAP
082 ## - NÚMERO DE LA CLASIFICACIÓN DECIMAL DEWEY
Número de clasificación 636.932 P6
100 ## - ENTRADA PRINCIPAL--NOMBRE DE PERSONA
Nombre de persona Portsmouth, J.I.
9 (RLIN) 91014
245 ## - MENCIÓN DE TÍTULO
Título Producción Comercial de Conejos para Carne /
Mención de responsabilidad, etc. por J.I. Portsmouth, traducido por Jaime Esain Escobar
250 ## - MENCIÓN DE EDICIÓN
Mención de edición 2
260 ## - PUBLICACIÓN, DISTRIBUCIÓN, ETC.
Lugar de publicación, distribución, etc. Zaragoza, España :
Nombre del editor, distribuidor, etc. Butterworth and CO.,
Fecha de publicación, distribución, etc. 1975
300 ## - DESCRIPCIÓN FÍSICA
Extensión 207 p.
400 ## - MENCIÓN DE SERIE/PUNTO DE ACCESO ADICIONAL--NOMBRE DE PERSONA [OBSOLETO, CAN/MARC], [LOCAL, USA]
Nombre de persona MANUALES DE TÉCNICA AGROPECUARIA
600 ## - PUNTO DE ACCESO ADICIONAL DE MATERIA--NOMBRE DE PERSONA
Nombre de persona 1.Conejos-producción/ 2.Carne-conejos
9 (RLIN) 152264
901 ## - ELEMENTOS DE DATOS A LOCAL LDA (RLIN)
a 636.932 P6
902 ## - ELEMENTOS DE DATOS B LOCAL, LDB (RLIN)
a M
905 ## - ELEMENTOS DE DATOS E LOCAL, LDE (RLIN)
a 0000001975 ZARA 0000000000ESP00
942 ## - ELEMENTOS DE PUNTO DE ACCESO ADICIONAL (KOHA)
Tipo de ítem Koha Libro
Fuente del sistema de clasificación o colocación Dewey Decimal Classification
Holdings
Estado de retiro Estado de pérdida Fuente del sistema de clasificación o colocación Estado dañado Restricciones de uso No para préstamo Código de colección Localización permanente Ubicación/localización actual Fecha de adquisición Fuente de adquisición Coste, precio normal de compra Número de inventario Total de préstamos Signatura topográfica completa Código de barras Fecha visto por última vez Fecha del último préstamo Número de copia Tipo de ítem Koha
    Dewey Decimal Classification   Préstamo interno   General Ingenieria Agroindustrial Ingenieria Agroindustrial 18/01/2022 Compra Librería F. 0019 (05-12-19779)/ R. 01395 (05-12-1979) 25125 (25-09-1990) 170.00 58141 1 636.932 P6 dia_1389 19/01/2023 19/01/2023 Ej.1 Libro